| 000 | 00561nam a2200193Ia 4500 | ||
|---|---|---|---|
| 008 | 150520s9999 xx 000 0 und d | ||
| 050 | _aT 58.6 | ||
| 050 | _b.L791 2015 | ||
| 100 | _aLlanes, Mark Christian T. | ||
| 245 | _aAutomated grading system for LH montessori high Inc. / | ||
| 260 | _aLas PiƱas, Philippines : | ||
| 260 | _bSISC, | ||
| 260 | _c2015. | ||
| 300 | _a94 pages : | ||
| 300 | _bcolor illustrations ; | ||
| 300 | _c28 cm. | ||
| 500 | _aIncludes bibliographical references and appendices. | ||
| 650 | _aManagement Information System | ||
| 999 |
_c284089 _d284089 |
||